000 00441nam a22001217a 4500
005 20260629111456.0
100 _aRaja Danish Ali
_a22-MCE-03
_aSupervisor - Prof.Dr. Bashir Ahmed Memon
_91012
245 _aCompressive and Tensile Strength of Concrete with Recycled Aggregates Marble Dust and Bamboo Fibers (Thesis ME)
260 _aNawabshah
_bQUEST
_c2025
300 _a91p.
700 _aDepartment of Civil Engineering
_91009
942 _cTHESIS
999 _c69072
_d69069